书目信息 |
| 题名: |
现代管理科学基础知识
|
|
| 作者: | 翟立林 , 郑少濂 主编 | |
| 分册: | ||
| 出版信息: | 上海 上海人民出版社 1980.11 |
|
| 页数: | 487页 | |
| 开本: | 19cm | |
| 丛书名: | ||
| 单 册: | ||
| 中图分类: | F204 | |
| 科图分类: | ||
| 主题词: | 国民经济--经济管理 | |
| 电子资源: | ||
| ISBN: | ||
| 000 | 00673nam0 2200217 450 | |
| 001 | 0835773922 | |
| 005 | 20081009095914.83 | |
| 010 | @dCNY1.40 | |
| 091 | @a4074.45 | |
| 100 | @a20081009d1980 km y0chiy0120 ea | |
| 101 | 0 | @achi |
| 102 | @aCN@b310000 | |
| 200 | 1 | @a现代管理科学基础知识@Axian dai guan li ke xue ji chu zhi shi@f翟立林,郑少濂主编@Fzhai li lin,zheng shao lian zhu bian |
| 210 | @a上海@c上海人民出版社@d1980.11 | |
| 215 | @a487页@d19cm | |
| 606 | 0 | @a国民经济@x经济管理 |
| 690 | @aF204@v4 | |
| 701 | 0 | @a翟立林@Azhai li lin@4主编 |
| 701 | 0 | @a郑少濂@Azheng shao lian@4主编 |
| 801 | 0 | @aCN@b大连网信软件有限公司图书馆·11@c20081009 |
| 905 | @aBZT@dF204@e29 | |
| 现代管理科学基础知识/翟立林,郑少濂主编.-上海:上海人民出版社,1980.11 |
| 487页;19cm |
| ISBN :CNY1.40 |
| ● |
| 相关链接 |
|
|
|
正题名:现代管理科学基础知识
索取号:F204/29
 
预约/预借
| 序号 | 登录号 | 条形码 | 馆藏地/架位号 | 状态 | 备注 |
| 1 | 027206 | 201254702 | 中心书库北库/ 北库008架A面1列2层62/ [索取号:F204/29] | 在馆 |